<?xml version="1.0" encoding="UTF-8"?>
<record
    xmlns:xsi="http://www.w3.org/2001/XMLSchema-instance"
    xsi:schemaLocation="http://www.loc.gov/MARC21/slim http://www.loc.gov/standards/marcxml/schema/MARC21slim.xsd"
    xmlns="http://www.loc.gov/MARC21/slim">

  <leader>01796nam a2200457 i 4500</leader>
  <controlfield tag="001">194876</controlfield>
  <controlfield tag="003">SpMaBN</controlfield>
  <controlfield tag="005">20250716034715.0</controlfield>
  <controlfield tag="007">ta</controlfield>
  <controlfield tag="008">240521s1929    sp     | |||| 000 j spa  </controlfield>
  <datafield tag="035" ind1=" " ind2=" ">
    <subfield code="a">(OCoLC)733885600</subfield>
  </datafield>
  <datafield tag="035" ind1=" " ind2=" ">
    <subfield code="a">a4706981</subfield>
  </datafield>
  <datafield tag="040" ind1=" " ind2=" ">
    <subfield code="a">SpMaBN</subfield>
    <subfield code="b">spa</subfield>
    <subfield code="c">SpMaBN</subfield>
    <subfield code="e">rdc</subfield>
    <subfield code="d">ES-MaACL</subfield>
  </datafield>
  <datafield tag="080" ind1=" " ind2=" ">
    <subfield code="a">821.133.1-32"18"</subfield>
  </datafield>
  <datafield tag="080" ind1=" " ind2=" ">
    <subfield code="a">929 Nerval, G&#xE9;rard de (0:82)</subfield>
  </datafield>
  <datafield tag="100" ind1="0" ind2=" ">
    <subfield code="a">Nerval, G&#xE9;rard de,</subfield>
    <subfield code="d">1808-1855</subfield>
    <subfield code="0">XX997475</subfield>
    <subfield code="9">85401</subfield>
  </datafield>
  <datafield tag="245" ind1="1" ind2="3">
    <subfield code="a">La mano encantada :</subfield>
    <subfield code="b">(novela completa) /</subfield>
    <subfield code="c">por Gerardo de Nerval.</subfield>
  </datafield>
  <datafield tag="260" ind1=" " ind2=" ">
    <subfield code="a">Madrid :</subfield>
    <subfield code="b">Revista literaria "Novelas y cuentos",</subfield>
    <subfield code="c">1929.</subfield>
  </datafield>
  <datafield tag="300" ind1=" " ind2=" ">
    <subfield code="a">31 p. ;</subfield>
    <subfield code="c">29 cm</subfield>
  </datafield>
  <datafield tag="336" ind1=" " ind2=" ">
    <subfield code="2">rdacontent</subfield>
    <subfield code="a">texto</subfield>
  </datafield>
  <datafield tag="337" ind1=" " ind2=" ">
    <subfield code="2">rdamedia</subfield>
    <subfield code="a">sin mediaci&#xF3;n</subfield>
  </datafield>
  <datafield tag="338" ind1=" " ind2=" ">
    <subfield code="2">rdacarrier</subfield>
    <subfield code="a">volumen</subfield>
  </datafield>
  <datafield tag="490" ind1="1" ind2=" ">
    <subfield code="a">Revista literaria "Novelas y cuentos" ;</subfield>
    <subfield code="v">a&#xF1;o 1, n. 38</subfield>
  </datafield>
  <datafield tag="505" ind1="0" ind2=" ">
    <subfield code="a">La mano encantada ; Silvia ; Aurelia</subfield>
  </datafield>
  <datafield tag="655" ind1=" " ind2="0">
    <subfield code="a">Novelas fant&#xE1;sticas</subfield>
    <subfield code="2">tgfbne</subfield>
    <subfield code="9">236495</subfield>
  </datafield>
  <datafield tag="655" ind1=" " ind2="7">
    <subfield code="a">Novelas autobiogr&#xE1;ficas</subfield>
    <subfield code="2">tgfbne</subfield>
    <subfield code="9">175819</subfield>
  </datafield>
  <datafield tag="655" ind1=" " ind2="7">
    <subfield code="a">Novelas cortas</subfield>
    <subfield code="2">tgfbne</subfield>
    <subfield code="9">234959</subfield>
  </datafield>
  <datafield tag="700" ind1="1" ind2="2">
    <subfield code="a">Nerval, G&#xE9;rard de,</subfield>
    <subfield code="d">1808-1855.</subfield>
    <subfield code="t">La main de gloire</subfield>
    <subfield code="9">236499</subfield>
  </datafield>
  <datafield tag="700" ind1=" " ind2="2">
    <subfield code="a">Nerval, G&#xE9;rard de,</subfield>
    <subfield code="d">1808-1855.</subfield>
    <subfield code="t">Sylvie</subfield>
    <subfield code="9">236500</subfield>
  </datafield>
  <datafield tag="700" ind1="1" ind2="2">
    <subfield code="a">Nerval, G&#xE9;rard de,</subfield>
    <subfield code="d">1808-1855.</subfield>
    <subfield code="t">Aur&#xE8;lia</subfield>
    <subfield code="9">236501</subfield>
  </datafield>
  <datafield tag="740" ind1="0" ind2="2">
    <subfield code="a">Silvia</subfield>
  </datafield>
  <datafield tag="740" ind1="0" ind2="2">
    <subfield code="a">Aurelia</subfield>
  </datafield>
  <datafield tag="773" ind1=" " ind2=" ">
    <subfield code="0">194867</subfield>
    <subfield code="9">202503</subfield>
    <subfield code="g">G-15982</subfield>
    <subfield code="a">Obras encuadernadas juntas</subfield>
  </datafield>
  <datafield tag="830" ind1=" " ind2="0">
    <subfield code="a">Revista literaria "Novelas y cuentos"</subfield>
    <subfield code="v">a&#xF1;o 1, n. 38</subfield>
    <subfield code="9">236217</subfield>
  </datafield>
  <datafield tag="852" ind1=" " ind2=" ">
    <subfield code="a">ES-MaACL</subfield>
    <subfield code="c">DEPO2</subfield>
    <subfield code="j">G-15982(2)</subfield>
    <subfield code="h">Legado: Juan Antonio Porto</subfield>
    <subfield code="x">Encuadernado con otras obras formando un volumen facticio</subfield>
    <subfield code="9">202503</subfield>
  </datafield>
  <datafield tag="903" ind1=" " ind2=" ">
    <subfield code="9">93285</subfield>
    <subfield code="a">Porto, Juan Antonio,</subfield>
    <subfield code="q">1</subfield>
    <subfield code="d">1937-2021</subfield>
    <subfield code="e">dnr</subfield>
  </datafield>
  <datafield tag="942" ind1=" " ind2=" ">
    <subfield code="n">0</subfield>
    <subfield code="c">FOLLETOS</subfield>
  </datafield>
  <datafield tag="999" ind1=" " ind2=" ">
    <subfield code="c">194876</subfield>
    <subfield code="d">194876</subfield>
  </datafield>
</record>
